Pays par Indice. Niveau MOYEN - Statistiques

Statistiques générales
  • Ce quiz a été pris 178 fois
  • Le résultat moyen est 6 sur 9
Statistiques - réponses
Indice Pays % Correct
Pays encerclé par le Nil et connu pour sa riche histoire pharaonique. Égypte
96%
Pays où se trouve la ville de Marrakech et le désert du Sahara. Maroc
96%
Pays où le tango est né et qui est connu pour son beef Argentine
82%
Pays où se trouve le célèbre site de Petra. Jordanie
71%
Pays célèbre pour ses festivals de musique et son chocolat. Belgique
66%
Pays où la Révolution d'Octobre a débuté. Russie
57%
Pays connu pour ses élevages de moutons et la laine. Nouvelle Zélande
44%
Pays des temples antiques et du fleuve Rouge. Vietnam
34%
Pays d'origine du thé et célèbre pour ses paysages verdoyants. Sri Lanka
13%
Aucun quiz correspondant
Distribution des résultats
% des personnes avec chaque résultat
Percentile par nombre de réponses
Votre historique - résultats
Vous n’avez pas pris ce quiz